The Fairy-Tale Detectives / (Record no. 4929)

MARC details
000 -LEADER
fixed length control field 00857nam a22002657a 4500
001 - CONTROL NUMBER
control field 4929
003 - CONTROL NUMBER IDENTIFIER
control field FISKH
005 - DATE AND TIME OF LATEST TRANSACTION
control field 20241025112803.0
008 - FIXED-LENGTH DATA ELEMENTS--GENERAL INFORMATION
fixed length control field 241025b cb ||||| |||| 00| 0 eng d
020 ## - INTERNATIONAL STANDARD BOOK NUMBER
International Standard Book Number 9780439928762
040 ## - CATALOGING SOURCE
Original cataloging agency FISKH
Language of cataloging eng
Transcribing agency FISKH
Modifying agency FISKH
050 ## - LIBRARY OF CONGRESS CALL NUMBER
Classification number PZ7.B882323
082 ## - DEWEY DECIMAL CLASSIFICATION NUMBER
Classification number 813.6
100 ## - MAIN ENTRY--PERSONAL NAME
Personal name Buckley, Michael
245 ## - TITLE STATEMENT
Title The Fairy-Tale Detectives /
Statement of responsibility, etc. by Michael Buckley
250 ## - EDITION STATEMENT
Edition statement First Scholastic printing, January 2007
260 ## - PUBLICATION, DISTRIBUTION, ETC.
Place of publication, distribution, etc. New York :
Name of publisher, distributor, etc. Scholastic ;
Date of publication, distribution, etc. 2007 .
300 ## - PHYSICAL DESCRIPTION
Extent 284 pages :
Other physical details illustrations ;
Dimensions 20 cm .
490 ## - SERIES STATEMENT
Series statement The Sisters Grimm
520 ## - SUMMARY, ETC.
Summary, etc. Orphans Sabrina and Daphne Grimm are sent to live with an eccentric grandmother that they have always believed to be dead.
650 ## - SUBJECT ADDED ENTRY--TOPICAL TERM
Topical term or geographic name entry element children
Form subdivision fiction
700 ## - ADDED ENTRY--PERSONAL NAME
Personal name Ferguson, Peter
Relator term Photographer
942 ## - ADDED ENTRY ELEMENTS (KOHA)
Source of classification or shelving scheme Dewey Decimal Classification
Koha item type Books
Suppress in OPAC No
Holdings
Withdrawn status Lost status Source of classification or shelving scheme Damaged status Not for loan Collection Home library Current library Shelving location Date acquired Total Checkouts Full call number Barcode Date last seen Price effective from Koha item type
    Dewey Decimal Classification     Fiction Footprints International School Library Network Toul Kork Campus Footprints International School Library Network Toul Kork Campus TTP Secondary Fiction Bookshelves 10/25/2024   BUC 813.6 PZ7.B882323 FISSE00935 10/25/2024 10/25/2024 Books